Planning icons: myth and practice: papers from a conference held at Oxford, September 1994, organised by the Bar Council, the Law Society and the Royal Institution of Chartered Surveyors. (Record no. 92789)

MARC details
000 -LEADER
fixed length control field 01270cam a2200301 4500
001 - CONTROL NUMBER
control field J2746
008 - FIXED-LENGTH DATA ELEMENTS--GENERAL INFORMATION
fixed length control field 090401t1994 xxu||||| |||| 00| 0 eng d
035 ## - SYSTEM CONTROL NUMBER
System control number (Sirsi) u50986
041 ## - LANGUAGE CODE
Language code of text/sound track or separate title eng
050 ## - LIBRARY OF CONGRESS CALL NUMBER
Classification number 711.1
110 ## - MAIN ENTRY--CORPORATE NAME
Corporate name or jurisdiction name as entry element Journal of Planning and Environment Law
9 (RLIN) 2913
245 ## - TITLE STATEMENT
Title Planning icons: myth and practice: papers from a conference held at Oxford, September 1994, organised by the Bar Council, the Law Society and the Royal Institution of Chartered Surveyors.
260 ## - PUBLICATION, DISTRIBUTION, ETC.
Place of publication, distribution, etc. London
Name of publisher, distributor, etc. Sweet & Maxwell
Date of publication, distribution, etc. 1994
300 ## - PHYSICAL DESCRIPTION
Extent ii,109p. ; 25cm.
350 ## - PRICE (NR) (BK AM CF MU VM SE) [OBSOLETE]
Price 0
490 ## - SERIES STATEMENT
Series statement Journal of Planning and Environment Law Occasional Paper
Volume/sequential designation 22
520 ## - SUMMARY, ETC.
Summary, etc. Papers: - Policy, law and practice./ READ, L. & WOOD, M. - Planning in a rapidly changing economy./ TYM, R. - Mixed use development./ SIM, P. - The car versus mixed use development./ HILLS, P. - Green belt and rural economy./ CAPNER, G. - Vitality and viability of town centres./ SMITH, G.
650 ## - SUBJECT ADDED ENTRY--TOPICAL TERM
Topical term or geographic name entry element BAR COUNCIL
650 ## - SUBJECT ADDED ENTRY--TOPICAL TERM
Topical term or geographic name entry element GREEN BELT
650 ## - SUBJECT ADDED ENTRY--TOPICAL TERM
Topical term or geographic name entry element LAW SOCIETY
650 ## - SUBJECT ADDED ENTRY--TOPICAL TERM
Topical term or geographic name entry element MIXED-USE DEVELOPMENTS
650 ## - SUBJECT ADDED ENTRY--TOPICAL TERM
Topical term or geographic name entry element PLANNING ICONS
650 ## - SUBJECT ADDED ENTRY--TOPICAL TERM
Topical term or geographic name entry element ROYAL INSTITUTION OF CHARTERED SURVEYORS
650 ## - SUBJECT ADDED ENTRY--TOPICAL TERM
Topical term or geographic name entry element RURAL AREAS
690 ## - LOCAL SUBJECT ADDED ENTRY--TOPICAL TERM (OCLC, RLIN)
Topical term or geographic name as entry element PLANNING LAW AND PRACTICE
942 ## - ADDED ENTRY ELEMENTS (KOHA)
Suppress in OPAC 0
948 ## - LOCAL PROCESSING INFORMATION (OCLC); SERIES PART DESIGNATOR (RLIN)
c (OCLC) 04/03/1997
Holdings
Withdrawn status Lost status Source of classification or shelving scheme Damaged status Not for loan Home library Current library Shelving location Date acquired Total Checkouts Full call number Barcode Date last seen Date last checked out Copy number Price effective from Koha item type
    Dewey Decimal Classification     London London Basement 19/01/1995 3 BASEMENT 30044797 06/08/2019 19/04/2000 1 06/08/2019 Book